| 000 | 00494nam a2200169Ia 4500 | ||
|---|---|---|---|
| 008 | 210210b2005 xxu||||| |||| 00| 0 eng d | ||
| 020 | _a81 224 1341 2 | ||
| 082 | _a621.3692 SARO | ||
| 100 | _aSARKAR (C K) | ||
| 245 | _aOptoelectronics and fiber optics communication. | ||
| 260 |
_aND _bNew Age International (P) Ltd, Publishers _c2005 |
||
| 300 | _axii,374 | ||
| 650 | _aOptoelectronics fibre optics communication | ||
| 690 | _aSpectroscopy | ||
| 700 | _aSARKAR (D C) | ||
| 906 | _a060064 | ||
| 999 |
_c107043 _d107043 |
||